Nghiên cứu Marketing = Marketing research

Đã lưu trong:
书目详细资料
主要作者: Luck, David J.
格式: 图书
语言:Undetermined
出版: Thống Kê 2002
主题:
标签: 添加标签
没有标签, 成为第一个标记此记录!
Thư viện lưu trữ: Trung tâm Học liệu Trường Đại học Cần Thơ
LEADER 00584nam a2200193Ia 4500
001 CTU_54612
008 210402s9999 xx 000 0 und d
020 |b 66000 
082 |a 658.8 
082 |b L941 
100 |a Luck, David J. 
245 0 |a Nghiên cứu Marketing = 
245 0 |b Marketing research 
245 0 |c David J. Luck, Ronald S. Rubin ; Phan Văn Thăng, Nguyễn Văn Hiến biên dịch 
260 |b Thống Kê 
260 |c 2002 
650 |a Marketing research 
910 |a Huỳnh Mai 
980 |a Trung tâm Học liệu Trường Đại học Cần Thơ